MARC

LEADER 00000nam0a2200000 4500
001 338399
005 20231102005038.0
035 |a (RuTPU)RU\TPU\book\364891 
090 |a 338399 
100 |a 20171123d1971 km y0rusy50 ca 
101 0 |a rus 
102 |a RU 
105 |a a z 001zy 
200 1 |a Стабилизированные источники электропитания судовой радиоэлектронной аппаратуры  |f В. И. Домеников, Л. М. Казанский 
210 |a Ленинград  |c Судостроение  |d 1971 
215 |a 400 с.  |c ил. 
320 |a Библиогр.: с. 391-397 
606 1 |a Судовая радиоаппаратура  |x Электропитание  |2 stltpush  |3 (RuTPU)RU\TPU\subj\58084  |9 75913 
610 1 |a выпрямители 
610 1 |a стабилизаторы 
610 1 |a преобразователи 
610 1 |a инверторы 
610 1 |a тиристоры 
610 1 |a конструирование 
610 1 |a защита 
610 1 |a параметры 
610 1 |a классификация 
610 1 |a расчет 
610 1 |a проектирование 
610 1 |a методика 
610 1 |a схемы 
675 |a 629.12.018  |v 4 
700 1 |a Домеников  |b В. И.  |g Виктор Иванович 
701 1 |a Казанский  |b Л. М.  |g Лев Мстиславович 
801 1 |a RU  |b 63413507  |c 20171123 
801 2 |a RU  |b 63413507  |c 20171207  |g RCR 
942 |c BK